[Event "22nd ECCC Women 2017"]
[Site "Antalya"]
[Date "2017.10.12"]
[Round "4"]
[White "Pogonina, Natalija"]
[Black "Sandu, Mihaela"]
[Result "1-0"]
[WhiteElo "2466"]
[BlackElo "2278"]
[Annotator "TA"]
[PlyCount "131"]
[EventType "team-tourn"]
[EventCountry "TUR"]
[SourceTitle "playchess.com"]
[Source "ChessBase"]
[SourceQuality "1"]
[WhiteTeam "UGRA"]
[BlackTeam "Timisoara"]

{[%evp 15,131,12,30,12,70,78,77,74,72,74,83,93,100,98,123,116,190,128,135,128,130,140,137,89,88,89,108,105,102,106,112,114,125,112,121,115,127,118,131,129,133,137,135,139,135,136,150,110,100,117,201,179,192,197,200,199,186,148,206,193,296,288,293,292,269,271,291,212,331,343,337,335,330,315,360,347,362,353,356,331,340,337,449,452,451,452,451,451,442,442,427,420,723,723,679,680,905,871,875,846,798,727,662,620,1029,467,467,467,467,467,984,947,1384,1116,12845,12845,12846,12847]} 1. d4 Nf6 2. Nf3 g6 3. c4 Bg7 4. e3 O-O 5. Be2 d6 6. O-O Nbd7 7. b3 e5 8. Bb2 Re8 9. dxe5 {E60: King's Indian: Unusual lines and Fianchetto Variation without Nc3} (9. Nc3 e4 10. Nd2 Nf8 11. Qc2 Bf5 12. Rfd1 h5 13. b4 h4 14. h3 N8h7 15. d5 Ng5 16. Nb5 Qd7 17. Nd4 {0-1 (17) Fang,Y (2503)-Dai,C (2449) Shenzhen 2016}) 9... dxe5 (9... Ne4 $11) 10. Nxe5 $14 Ne4 11. Nd3 {White is better.} Bxb2 12. Nxb2 Qg5 $146 ({Predecessor:} 12... Qf6 13. Qd4 Qxd4 14. exd4 Ng3 15. fxg3 Rxe2 16. Na4 Nf8 {1-0 (33) Thiemig,R (1246)-Grueneberg,I (1244) Dortmund 2001}) 13. Qc1 Ndf6 14. Nd3 Nh5 15. Nc3 Nef6 (15... Nxc3 $16 16. Qxc3 Bf5 17. Bxh5 Bxd3) 16. Bf3 ({Better is} 16. Nb5 $18 Re7 17. Qa3) 16... Bf5 $16 17. Nf4 c6 18. Nxh5 gxh5 19. e4 Qxc1 20. Raxc1 Nxe4 21. Nxe4 Bxe4 22. Bxh5 Rad8 23. Rfd1 c5 24. f3 Bd3 25. Re1 Kf8 26. Rxe8+ Rxe8 {[%mdl 4096] Endgame KRB-KRB} 27. Rd1 Bc2 28. Rd2 Bb1 29. Kf2 b6 30. Bg4 Re7 31. a3 f5 32. Bh3 Kg7 (32... f4 $16) 33. g3 Kf6 34. Bf1 {[#] Hoping for Rb2.} f4 35. gxf4 Bf5 36. Be2 Bh3 (36... Bb1 $16 37. Bf1 Rc7) 37. Rd6+ $18 Kg7 (37... Re6 {keeps fighting.} 38. Rd8 Bf5 39. Rf8+ Kg6) 38. Bd3 Rd7 39. Rd5 Be6 40. Rg5+ Kf6 41. Ke3 Re7 (41... Bf7 $142 42. Bxh7 Rd1) 42. Be4 Bf7 43. Rf5+ Kg7 44. Re5 Rd7 45. Rg5+ Kf6 46. Rf5+ ({Less strong is} 46. Bxh7 Rd1 $18) 46... Kg7 47. Bd5 Bg6 48. Re5 Bc2 49. b4 cxb4 50. axb4 a5 51. bxa5 bxa5 52. c5 {[%cal Bc4c5,Bc5c6][%mdl 32]} a4 53. c6 Rc7 (53... Ra7 $142 54. Kd4 a3) 54. Kd4 {White is clearly winning.} a3 55. Kc5 Ra7 56. Ba2 Kf6 57. Kb6 Ra8 58. Kb7 Rf8 59. Re6+ Kf5 60. Re2 (60. c7 $142 Bd1 61. c8=Q Bxf3+ 62. Kc7 Rxc8+ 63. Kxc8) 60... Bd1 61. Rf2 Kxf4 62. Bd5 Ke5 (62... Ba4 $142 63. Ra2 Bb5 64. Rxa3 Rf6) 63. c7 Ba4 64. Bc6 Bxc6+ 65. Kxc6 Ra8 66. Ra2 {Precision: White = 75%, Black = 38%.} 1-0

[Event "22nd ECCC Women 2017"]
[Site "Antalya"]
[Date "2017.10.11"]
[Round "4"]
[White "Kashlinskaya, Alina"]
[Black "Zhukova, Natalia"]
[Result "1/2-1/2"]
[WhiteElo "2455"]
[BlackElo "2426"]
[Annotator "TA"]
[PlyCount "68"]
[EventType "team-tourn"]
[EventCountry "TUR"]
[SourceTitle "playchess.com"]
[Source "ChessBase"]
[SourceQuality "1"]
[WhiteTeam "Legacy Square Capital"]
[BlackTeam "Bossa Nova"]

{[%evp 31,68,18,31,26,39,0,22,26,37,37,44,32,39,-11,-16,-4,-12,-6,-13,-7,-8,-23,-21,-147,-16,-62,-2,-87,-77,-100,0,0,0,0,0,0,0,0,0]} 1. d4 Nf6 2. c4 e6 3. Nf3 d5 4. Nc3 c5 5. cxd5 Nxd5 6. e4 Nxc3 7. bxc3 cxd4 8. cxd4 Bb4+ 9. Bd2 Bxd2+ 10. Qxd2 O-O 11. Bc4 Nd7 12. O-O {D41: Queen's Gambit Declined: Semi-Tarrasch with 5 cxd5} b6 13. a4 Bb7 14. Rfe1 Nf6 15. Bd3 h6 16. a5 bxa5 {LiveBook: 6 Games} 17. Rxa5 Qc7 {[#]} 18. Rc1 $146 Qe7 19. Qe1 Rfd8 20. Rca1 a6 21. h3 Qc7 22. Rc5 Qf4 {[%cal Rf6e4]} 23. d5 exd5 24. e5 Ne4 25. Rc7 Bc8 $1 {[%cal Rc8h3] next ...Bxh3! is good for Black.} 26. Ra4 {[%cal Rd3e4]} Bf5 {Threatens to win with ...Rdc8.} 27. Qe2 (27. Rd4 $11) 27... Bg6 ({Black should try} 27... Rac8 $1 $17 {[%cal Rc8c7]} 28. Rxc8 Rxc8) 28. Rc6 Rac8 (28... a5 $15) 29. Qc2 {[#]} (29. Raxa6 $11 Rxc6 30. Rxc6) 29... Bf5 $1 $17 30. Raxa6 {[#]} Rxc6 (30... Bxh3 $1 $17 {[%mdl 512] White must now prevent ...Rxc6.} 31. gxh3 Rxc6 32. Rxc6 Qxf3 33. Bxe4 dxe4) 31. Qxc6 $11 {The position is equal.} Ng5 32. Bxf5 Nxf3+ 33. gxf3 Qxf5 34. Ra8 Kh7 {Precision: White = 36%, Black = 39%.} 1/2-1/2

[Event "22nd ECCC Women 2017"]
[Site "Antalya"]
[Date "2017.10.12"]
[Round "4"]
[White "Paehtz, Elisabeth"]
[Black "Ushenina, Anna"]
[Result "1/2-1/2"]
[WhiteElo "2453"]
[BlackElo "2445"]
[Annotator "TA"]
[PlyCount "48"]
[EventType "team-tourn"]
[EventCountry "TUR"]
[SourceTitle "playchess.com"]
[Source "ChessBase"]
[SourceQuality "1"]
[WhiteTeam "Timisoara"]
[BlackTeam "UGRA"]

{[%evp 15,48,37,27,7,8,12,49,8,8,10,0,0,0,7,4,0,0,0,0,0,0,0,0,0,0,0,0,-11,-12,-5,0,0,0,-15,0]} 1. e4 c5 2. Nf3 e6 3. d4 cxd4 4. Nxd4 Nc6 5. Nc3 Qc7 6. Qd3 {B47: Sicilian: Taimanov: 5 Nc3 Qc7 6 f4, 6 g3 and 6 Be2} (6. Be2 Nf6 7. Be3 d6 8. O-O Be7 9. Kh1 O-O 10. a4 Bd7 11. Ndb5 Qb8 12. f4 a6 13. Nd4 Nxd4 14. Qxd4 Bc6 15. a5 {½-½ (22) Jakovenko,D (2710)-Inarkiev,E (2694) Sochi 2017}) 6... Nxd4 7. Qxd4 a6 8. Be3 b5 {LiveBook: 14 Games} 9. Be2 Bb7 10. O-O Rc8 11. a3 Nf6 {The position is equal.} 12. e5 $146 ({Predecessor:} 12. Rfc1 Bd6 {0-1 (26) Cerny,S-Arend,M (1884) Liberec 2007}) 12... Nd5 13. Nxd5 Bxd5 14. a4 (14. Bd3 {with more complications.} d6 15. f4 dxe5 16. fxe5 Qb7 17. Qf4) 14... Bc5 15. Qxc5 Qxc5 16. Bxc5 Rxc5 17. axb5 axb5 18. Bd3 Bc6 19. Rfe1 Ke7 20. b4 Rd5 21. f3 Rd4 22. Reb1 Rd5 23. Re1 Rd4 24. Reb1 Rd5 {Precision: White = 65%, Black = 65%.} 1/2-1/2

[Event "22nd ECCC Women 2017"]
[Site "Antalya"]
[Date "2017.10.11"]
[Round "4"]
[White "Melia, Salome"]
[Black "Ozbay, Ece"]
[Result "1/2-1/2"]
[WhiteElo "2412"]
[BlackElo "1998"]
[Annotator "TA"]
[PlyCount "112"]
[EventType "team-tourn"]
[EventCountry "TUR"]
[SourceTitle "playchess.com"]
[Source "ChessBase"]
[SourceQuality "1"]
[WhiteTeam "Batumi"]
[BlackTeam "Marmara"]

{[%evp 23,112,12,27,12,26,15,21,19,17,25,10,17,33,0,0,0,0,-10,-10,-24,-19,-74,-28,-45,-30,-41,-41,-53,-36,-35,0,0,23,0,0,0,0,0,0,0,0,0,0,0,7,0,0,-2,-6,-5,0,-33,-24,-62,0,0,0,-65,-65,-85,-52,-62,-62,-456,-65,-65,-65,-65,-66,-177,-117,-162,-57,-61,-83,-83,-27,-55,0,-5,0,0,0,0,0,-16,-16,-16,-16,-16,-16]} 1. e4 c5 2. Nf3 e6 3. d4 cxd4 4. Nxd4 Nc6 5. Nc3 Qc7 6. Be3 a6 7. Qd2 Nf6 8. f4 {B48: Sicilian: Taimanov: 5 Nc3 Qc7 6 Be3 a6 without Be2} Bb4 9. Bd3 Na5 10. a3 Bxc3 11. Qxc3 Qxc3+ 12. bxc3 d5 {LiveBook: 58 Games} 13. e5 Ne4 14. Nb3 Nc4 15. Bxc4 dxc4 {[#]} 16. Na5 $146 Bd7 17. Bd4 Rc8 18. Rb1 b5 19. Ke2 Ke7 20. Rhf1 f5 21. exf6+ gxf6 22. Rbd1 (22. Ke3 $11 Nd6 23. g4) 22... Rhg8 (22... e5 $5 23. Ke3 exd4+ 24. Kxe4 Rhg8 $15) 23. Ke3 f5 24. Rg1 h5 {[%cal Bh7h5,Bh5h4][%mdl 32]} 25. Be5 h4 26. Nb7 Rc6 27. Rd4 Be8 28. g4 hxg3 29. hxg3 Nxc3 30. Na5 Rc8 31. Rd6 Ne4 32. Rxa6 {[#] aiming for g4!} Rxg3+ 33. Rxg3 Nxg3 34. Bd6+ Kf6 35. Ra7 {Threatens to win with Be5+.} Ne4 36. Be5+ Kg6 37. Rg7+ Kh5 38. Rh7+ Kg6 (38... Kg4 $15 39. Ra7 Kh3) 39. Rg7+ $11 Kh5 40. Rg8 ({White should try} 40. Rh7+ $11 Kg4 41. Ra7) 40... Ra8 $15 41. Rh8+ Kg6 42. Rg8+ Kf7 43. Rg7+ Kf8 44. Nb7 Rxa3+ 45. Kd4 Ra1 {[#] Hoping for ...Rd1+.} 46. Rh7 (46. Rc7 $1 $15) 46... Rd1+ $19 47. Ke3 Bf7 (47... b4 $19 {White must now prevent ...b3.} 48. Rh8+ Kf7 49. Rh7+ Kg6) 48. Rh8+ $15 Bg8 49. Na5 Rd7 (49... Re1+ $17 50. Kf3 Rc1) 50. Rh1 Bf7 (50... Ra7 $15 51. Nc6 Ra6) 51. Nc6 {The position is equal.} Nc5 52. Rb1 Be8 53. Rxb5 Rd5 54. Rxc5 Rxc5 55. Bd6+ Kg7 56. Bxc5 Bxc6 {Precision: White = 59%, Black = 55%.} 1/2-1/2

[Event "22nd ECCC Women 2017"]
[Site "Antalya"]
[Date "2017.10.12"]
[Round "4"]
[White "Voit, Daria"]
[Black "Zaiatz, Elena"]
[Result "1-0"]
[WhiteElo "2387"]
[BlackElo "2334"]
[Annotator "ChessBase"]
[PlyCount "77"]
[EventType "team-tourn"]
[EventCountry "TUR"]
[SourceTitle "playchess.com"]
[Source "ChessBase"]
[SourceQuality "1"]
[WhiteTeam "Legacy Square Capital"]
[BlackTeam "Bossa Nova"]
[TimeControl "40/5400+30:1800+30"]

1. d4 {[%emt 0:00:30]} Nf6 {[%emt 0:01:00]} 2. Nf3 {[%emt 0:00:00]} d5 {[%emt 0:00:00]} 3. c4 {[%emt 0:01:00]} e6 {[%emt 0:00:00]} 4. g3 {[%emt 0:00:30]} Bb4+ {[%emt 0:00:30]} 5. Bd2 {[%emt 0:00:00]} Be7 {[%emt 0:00:30]} 6. Bg2 {[%emt 0:00:00]} O-O {[%emt 0:00:00]} 7. O-O {[%emt 0:00:00]} c6 {[%emt 0:00:00]} 8. Qc2 {[%emt 0:00:00]} b6 {[%emt 0:00:30]} 9. Rd1 {[%emt 0:02:30]} Bb7 {[%emt 0:03:30]} 10. Bf4 {[%emt 0:00:30]} Nbd7 {[%emt 0:00:30]} 11. Ne5 {[%emt 0:14:30]} Rc8 {[%emt 0:10:30]} 12. Nc3 {[%emt 0:00:30]} Nxe5 {[%emt 0:04:30]} 13. dxe5 {[%emt 0:00:30]} Nd7 {[%emt 0:00:30]} 14. cxd5 {[%emt 0:00:00]} cxd5 {[%emt 0:20:30]} 15. e4 {[%emt 0:00:00]} d4 {[%emt 0:00:30]} 16. Rxd4 {[%emt 0:00:30]} Qc7 {[%emt 0:00:00]} 17. Qa4 {[%emt 0:44:30]} Bc6 {[%emt 0:02:00]} 18. Qa6 {[%emt 0:09:30]} Nc5 {[%emt 0:32:30]} 19. Qe2 {[%emt 0:00:30]} g5 {[%emt 0:00:30]} 20. Qg4 {[%emt 0:13:08]} Kh8 {[%emt 0:00:30]} 21. Be3 {[%emt 0:03:46]} Qxe5 {[%emt 0:01:30]} 22. Rad1 {[%emt 0:00:12]} Qg7 {[%emt 0:02:48]} 23. e5 {[%emt 0:03:06]} Bxg2 {[%emt 0:02:10]} 24. Kxg2 {[%emt 0:00:30]} Qg6 {[%emt 0:00:00]} 25. b4 {[%emt 0:00:37]} Na6 {[%emt 0:02:36]} 26. Rd7 {[%emt 0:02:34]} Bxb4 {[%emt 0:06:38]} 27. Ne4 {[%emt 0:00:12]} h5 {[%emt 0:00:49]} 28. Qf3 {[%emt 0:00:02]} Nb8 {[%emt 0:07:24]} 29. Rb7 {[%emt 0:02:07]} g4 {[%emt 0:01:23]} 30. Qf6+ {[%emt 0:00:38]} Qxf6 {[%emt 0:00:10]} 31. Nxf6 {[%emt 0:00:36]} Kg7 {[%emt 0:00:35]} 32. Nxh5+ {[%emt 0:00:40]} Kg6 {[%emt 0:00:30]} 33. Nf6 {[%emt 0:00:22]} Kf5 {[%emt 0:01:02]} 34. Nxg4 {[%emt 0:01:50]} Nc6 {[%emt 0:01:00]} 35. h3 {[%emt 0:00:18]} Bc5 {[%emt 0:00:30]} 36. Bh6 {[%emt 0:00:30]} Rfd8 {[%emt 0:00:30]} 37. Rxf7+ {[%emt 0:00:30]} Kg6 {[%emt 0:00:30]} 38. Rg7+ {[%emt 0:00:30]} Kf5 {[%emt 0:00:30]} 39. Rg5+ {[%emt 0:00:30]} 1-0

[Event "22nd ECCC Women 2017"]
[Site "Antalya"]
[Date "2017.10.11"]
[Round "4"]
[White "Kovanova, Baira"]
[Black "Dragomirescu, Angela"]
[Result "1/2-1/2"]
[WhiteElo "2371"]
[BlackElo "2231"]
[Annotator "ChessBase"]
[PlyCount "107"]
[EventType "team-tourn"]
[EventCountry "TUR"]
[SourceTitle "playchess.com"]
[Source "ChessBase"]
[SourceQuality "1"]
[WhiteTeam "UGRA"]
[BlackTeam "Timisoara"]
[TimeControl "40/5400+30:1800+30"]

1. e4 d6 2. d4 Nf6 3. Nc3 g6 {[%emt 0:01:00]} 4. Be3 {[%emt 0:00:00]} a6 {[%emt 0:03:30]} 5. Qd2 {[%emt 0:01:30]} b5 {[%emt 0:02:30]} 6. Bd3 {[%emt 0:00:30]} Bb7 {[%emt 0:01:30]} 7. Nf3 {[%emt 0:01:30]} b4 {[%emt 0:06:30]} 8. Ne2 {[%emt 0:02:30]} Nxe4 {[%emt 0:00:30]} 9. Qxb4 {[%emt 0:01:30]} Qc8 {[%emt 0:01:30]} 10. d5 {[%emt 0:11:30]} Nf6 {[%emt 0:00:30]} 11. c4 {[%emt 0:01:30]} Bg7 {[%emt 0:04:30]} 12. Qd2 {[%emt 0:03:30]} c6 {[%emt 0:02:30]} 13. dxc6 {[%emt 0:02:30]} Nxc6 {[%emt 0:00:30]} 14. O-O {[%emt 0:04:30]} O-O {[%emt 0:06:30]} 15. h3 {[%emt 0:08:30]} Ne5 {[%emt 0:17:30]} 16. Nxe5 {[%emt 0:04:30]} dxe5 {[%emt 0:00:30]} 17. Nc3 {[%emt 0:01:30]} Rd8 {[%emt 0:03:30]} 18. Qc2 {[%emt 0:00:30]} Qe6 {[%emt 0:12:30]} 19. Rfe1 {[%emt 0:02:30]} Rac8 {[%emt 0:02:30]} 20. Bf1 {[%emt 0:01:30]} Nh5 {[%emt 0:01:30]} 21. Na4 {[%emt 0:09:30]} Qc6 {[%emt 0:11:56]} 22. Nb6 {[%emt 0:08:30]} Rb8 {[%emt 0:00:49]} 23. Rac1 {[%emt 0:03:30]} e6 {[%emt 0:01:24]} 24. b4 {[%emt 0:06:30]} Nf4 {[%emt 0:01:43]} 25. f3 {[%emt 0:00:30]} Rd4 {[%emt 0:01:03]} 26. Bxd4 {[%emt 0:05:54]} exd4 {[%emt 0:00:01]} 27. c5 {[%emt 0:00:25]} d3 {[%emt 0:12:51]} 28. Bxd3 {[%emt 0:02:44]} Nxh3+ {[%emt 0:00:19]} 29. Kh1 {[%emt 0:05:43]} Ng5 {[%emt 0:03:11]} 30. Be4 {[%emt 0:05:10]} Nxe4 {[%emt 0:00:13]} 31. Qxe4 {[%emt 0:00:13]} Qc7 {[%emt 0:01:05]} 32. c6 {[%emt 0:03:27]} Qxb6 {[%emt 0:01:09]} 33. cxb7 {[%emt 0:00:05]} Rxb7 {[%emt 0:00:53]} 34. Rc8+ {[%emt 0:01:14]} Bf8 {[%emt 0:00:01]} 35. Rd1 {[%emt 0:01:04]} Rb8 {[%emt 0:00:22]} 36. Rxb8 {[%emt 0:01:12]} Qxb8 {[%emt 0:00:30]} 37. a3 {[%emt 0:00:30]} h5 {[%emt 0:00:30]} 38. Qh4 {[%emt 0:00:30]} Qe5 {[%emt 0:00:30]} 39. Qd4 {[%emt 0:00:30]} Qg3 {[%emt 0:00:30]} 40. f4 {[%emt 0:00:30]} h4 {[%emt 0:01:00]} 41. Rd3 {[%emt 0:06:49]} Qg4 {[%emt 0:06:30]} 42. Qf6 {[%emt 0:01:30]} Qe2 {[%emt 0:06:31]} 43. Rh3 {[%emt 0:01:30]} Be7 {[%emt 0:00:27]} 44. Qe5 {[%emt 0:12:40]} Qd1+ {[%emt 0:00:33]} 45. Kh2 {[%emt 0:00:02]} g5 {[%emt 0:07:22]} 46. Rc3 {[%emt 0:02:19]} Qd8 {[%emt 0:00:05]} 47. Rc6 {[%emt 0:03:29]} gxf4 {[%emt 0:07:09]} 48. Qxf4 {[%emt 0:01:31]} Bg5 {[%emt 0:01:53]} 49. Qe5 {[%emt 0:01:28]} Bf6 {[%emt 0:00:46]} 50. Qc5 {[%emt 0:02:16]} Qb8+ {[%emt 0:02:21]} 51. Kh1 {[%emt 0:00:11]} Qf4 {[%emt 0:01:56]} 52. Qc1 {[%emt 0:03:51]} Qg3 {[%emt 0:00:33]} 53. Rc8+ {[%emt 0:01:03]} Kg7 {[%emt 0:00:07]} 54. Rc5 {[%emt 0:00:00]} 1/2-1/2

[Event "22nd ECCC Women 2017"]
[Site "Antalya"]
[Date "2017.10.11"]
[Round "4"]
[White "Badelka, Olga"]
[Black "Kovalevskaya, Ekaterina"]
[Result "1/2-1/2"]
[WhiteElo "2353"]
[BlackElo "2411"]
[Annotator "TA"]
[PlyCount "84"]
[EventType "team-tourn"]
[EventCountry "TUR"]
[SourceTitle "playchess.com"]
[Source "ChessBase"]
[SourceQuality "1"]
[WhiteTeam "Bossa Nova"]
[BlackTeam "Legacy Square Capital"]

{[%evp 14,84,21,0,0,0,-1,-28,-25,-18,-25,-33,0,0,0,0,0,-16,-23,-52,-52,-60,-48,-110,-74,-83,-74,-76,-77,-93,-65,-72,-51,-70,-55,-60,-42,-49,-24,-29,0,-27,-32,-20,-11,-12,-18,-17,-13,-13,0,0,0,-7,0,-13,-1,-12,-8,-18,-18,-33,-7,-7,-7,-7,-7,-7,0,-7,0,-7,0]} 1. c4 e5 2. g3 Nf6 3. Bg2 c6 4. d4 exd4 5. Qxd4 d5 6. Nf3 Be7 7. O-O O-O {A20: English Opening: 1...e5} 8. cxd5 {LiveBook: 26 Games} (8. Rd1 Qb6 9. Qd3 Na6 10. cxd5 Nb4 11. Qb3 Nbxd5 12. Nbd2 Bf5 13. Nc4 Qc7 14. Nd4 Bg6 15. Bd2 {1-0 (55) Balog,I (2548)-Vajda,L (2596) Slovakia 2016}) 8... Nxd5 9. e4 Nb6 $146 ({Predecessor:} 9... Nb4 10. Nc3 Be6 11. a3 Nc2 12. Qxd8 Rxd8 13. Rb1 Bc4 14. Rd1 Rxd1+ 15. Nxd1 {0-1 (40) Smarty,S (2057)-Arnold,M (2433) Philadelphia 2010}) 10. Qxd8 (10. Qe3 {with more complications.} Na6 11. Qe2 Bg4 12. h3 Bxf3 13. Bxf3 Bf6 14. Bf4) 10... Rxd8 11. Nc3 Na6 {[%cal Bb8a6,Ba6b4,Bb4d3,Bd3e1][%mdl 32]} 12. Bf4 Be6 13. Rfd1 Nb4 14. b3 Nd3 15. Bc7 Rd7 {With the idea ...Bc5.} 16. Bxb6 axb6 17. Na4 Bd8 {Strongly threatening ...b5.} 18. Ne1 (18. Bf1 $15 Bg4 19. Rxd3 Rxd3 20. Bxd3 Bxf3 21. Nc3) 18... Nxe1 (18... Nb4 {looks sharper.} 19. Rxd7 Bxd7 20. Rd1 Be6 21. Nf3 Nxa2 22. Nd4 Bg4) 19. Rxd7 Bxd7 ({Stronger than} 19... Nxg2 20. Rxb7 Bf6 21. Rc1 $14 (21. Nxb6 Re8 $16)) 20. Rxe1 Kf8 21. Rd1 Ke8 22. Rd2 Bc8 23. Kf1 b5 24. Nc5 Be7 25. Nd3 Be6 26. Nf4 Bc8 27. h4 Bb4 28. Rc2 Bg4 29. f3 Bd7 30. Bh3 Bxh3+ 31. Nxh3 $11 {[%mdl 4096] Endgame KRB-KRN} Rd8 32. Ke2 Ba5 33. g4 Bc7 34. h5 Ke7 35. Nf2 g6 36. hxg6 hxg6 37. Nd3 Rh8 38. Nc5 {The position is equal.} Rh2+ 39. Kd1 $1 Rh1+ 40. Ke2 Rh2+ 41. Kd1 $1 Rh1+ 42. Ke2 Rh2+ {Precision: White = 62%, Black = 41%.} 1/2-1/2

[Event "22nd ECCC Women 2017"]
[Site "Antalya"]
[Date "2017.10.12"]
[Round "4"]
[White "Yildiz, Betul Cemre"]
[Black "Fataliyeva, Ulviyya"]
[Result "0-1"]
[WhiteElo "2350"]
[BlackElo "2348"]
[Annotator "ChessBase"]
[PlyCount "94"]
[EventType "team-tourn"]
[EventCountry "TUR"]
[SourceTitle "playchess.com"]
[Source "ChessBase"]
[SourceQuality "1"]
[WhiteTeam "Anatolia"]
[BlackTeam "Odlar Yurdu"]
[TimeControl "40/5400+30:1800+30"]

1. d4 {[%emt 0:00:30]} e6 {[%emt 0:01:00]} 2. c4 {[%emt 0:00:30]} Nf6 {[%emt 0:00:30]} 3. Nf3 {[%emt 0:00:00]} b6 {[%emt 0:00:00]} 4. Nc3 {[%emt 0:02:00]} Bb7 {[%emt 0:00:00]} 5. a3 {[%emt 0:00:30]} Be7 {[%emt 0:01:30]} 6. d5 {[%emt 0:02:30]} O-O {[%emt 0:06:30]} 7. g3 {[%emt 0:01:30]} exd5 {[%emt 0:17:30]} 8. cxd5 {[%emt 0:00:30]} b5 {[%emt 0:00:30]} 9. Bg2 {[%emt 0:11:30]} b4 {[%emt 0:14:30]} 10. axb4 {[%emt 0:01:30]} Bxb4 {[%emt 0:00:00]} 11. Nh4 {[%emt 0:00:30]} d6 {[%emt 0:13:00]} 12. O-O {[%emt 0:01:30]} Re8 {[%emt 0:00:30]} 13. Be3 {[%emt 0:16:30]} Rxe3 {[%emt 0:08:30]} 14. fxe3 {[%emt 0:01:30]} Bc5 {[%emt 0:00:30]} 15. Nf5 {[%emt 0:02:30]} g6 {[%emt 0:00:30]} 16. Nd4 {[%emt 0:03:30]} Qe7 {[%emt 0:03:30]} 17. Qd2 {[%emt 0:05:30]} Ng4 {[%emt 0:07:30]} 18. e4 {[%emt 0:07:30]} Nd7 {[%emt 0:03:30]} 19. Rf4 {[%emt 0:12:30]} Nge5 {[%emt 0:05:28]} 20. Na4 {[%emt 0:01:30]} Qd8 {[%emt 0:08:36]} 21. Nxc5 {[%emt 0:03:30]} Nxc5 {[%emt 0:00:36]} 22. b4 {[%emt 0:03:30]} Ncd7 {[%emt 0:00:03]} 23. Nf3 {[%emt 0:00:33]} Qb8 {[%emt 0:02:15]} 24. Nxe5 {[%emt 0:10:30]} Nxe5 {[%emt 0:00:08]} 25. Rff1 {[%emt 0:00:20]} Bc8 {[%emt 0:00:07]} 26. Qd4 {[%emt 0:00:00]} Bd7 {[%emt 0:01:49]} 27. Rfc1 {[%emt 0:01:59]} a6 {[%emt 0:00:22]} 28. Bf1 {[%emt 0:07:10]} Ra7 {[%emt 0:00:07]} 29. Kg2 {[%emt 0:00:19]} h5 {[%emt 0:00:10]} 30. e3 {[%emt 0:02:19]} Bc8 {[%emt 0:04:57]} 31. b5 {[%emt 0:01:11]} a5 {[%emt 0:00:18]} 32. Ra4 {[%emt 0:00:00]} Bd7 {[%emt 0:00:30]} 33. Ra2 {[%emt 0:00:33]} h4 {[%emt 0:00:24]} 34. h3 {[%emt 0:00:33]} Rb7 {[%emt 0:01:09]} 35. Rxa5 {[%emt 0:00:23]} Bxh3+ {[%emt 0:00:50]} 36. Kh1 {[%emt 0:00:10]} Bxf1 {[%emt 0:00:40]} 37. Rxf1 {[%emt 0:00:30]} Qc8 {[%emt 0:00:30]} 38. Kh2 {[%emt 0:00:30]} hxg3+ {[%emt 0:00:30]} 39. Kg2 {[%emt 0:00:30]} Qg4 {[%emt 0:00:06]} 40. Ra8+ {[%emt 0:00:00]} Kg7 {[%emt 0:01:25]} 41. Ra2 {[%emt 0:06:00]} Rxb5 {[%emt 0:02:30]} 42. Rf4 {[%emt 0:01:30]} Qh5 {[%emt 0:03:30]} 43. Kxg3 {[%emt 0:01:30]} g5 {[%emt 0:15:54]} 44. Rf5 {[%emt 0:02:30]} Qh4+ {[%emt 0:03:22]} 45. Kg2 {[%emt 0:00:30]} Rb1 {[%emt 0:00:22]} 46. Rxe5 {[%emt 0:05:16]} Qh1+ {[%emt 0:00:38]} 47. Kf2 {[%emt 0:01:01]} Qh2+ {[%emt 0:00:10]} 0-1

[Event "22nd ECCC Women 2017"]
[Site "Antalya"]
[Date "2017.10.11"]
[Round "4"]
[White "Cosma, Elena-Luminita"]
[Black "Nechaeva, Marina"]
[Result "1/2-1/2"]
[WhiteElo "2333"]
[BlackElo "2431"]
[Annotator "TA"]
[PlyCount "80"]
[EventType "team-tourn"]
[EventCountry "TUR"]
[SourceTitle "playchess.com"]
[Source "ChessBase"]
[SourceQuality "1"]
[WhiteTeam "Timisoara"]
[BlackTeam "UGRA"]

{[%evp 13,80,39,30,0,6,0,0,0,0,0,0,0,0,0,0,0,0,0,0,0,19,25,14,-87,12,0,0,0,0,0,0,-2,0,0,0,0,0,0,45,0,61,14,6,13,71,0,0,0,3,2,7,0,0,0,0,0,0,0,0,0,0,0,0,0,0,0,0,0,0]} 1. d4 Nf6 2. Nf3 c5 3. d5 b5 4. Bg5 Qb6 5. Bxf6 Qxf6 6. c3 d6 7. e4 {A43: Schmid Benoni} a6 $1 {LiveBook: 45 Games} 8. Be2 (8. Nbd2 g5 9. a4 g4 10. Ng1 b4 11. cxb4 cxb4 12. Nc4 Nd7 13. Bd3 Ne5 14. Nb6 Nxd3+ 15. Qxd3 Qxb2 {1-0 (50) Maze,S (2619)-Solodovnichenko,Y (2576) Chartres 2017}) 8... Nd7 9. O-O g6 10. Nbd2 Bg7 11. a4 Rb8 $146 ({Predecessor:} 11... b4 12. Rc1 O-O 13. a5 Rb8 14. Nc4 Bh6 15. Nfd2 e5 16. Qa4 Qe7 17. Rcd1 Rb5 18. Ne3 Rb8 19. Nec4 Rb5 20. Ne3 Rb8 {½-½ (20) Sriram,J (2426)-Gomez,J (2490) Subic Bay 2016}) 12. axb5 axb5 13. Ra7 O-O 14. Nb3 b4 15. Na5 $1 bxc3 16. bxc3 Kh8 17. Nc6 Rb2 18. Bd3 (18. Ra3 $11 {keeps the balance.}) 18... e6 ({Black should try} 18... Qxc3 $17 {Threatens to win with ...c4.} 19. Nxe7 Nb6) 19. c4 exd5 20. exd5 Nb6 21. h3 Bf5 22. Re1 Bh6 23. Ra3 Bxd3 24. Qxd3 Qf4 $1 {[%cal Rf4c4]} 25. Na5 Rb4 (25... Qf6 {seems wilder.} 26. Nc6) 26. Rb3 (26. g3 {with more complications.} Qf6 27. Kg2 Kg8 28. Rb3 Ra4 29. Rxb6 Rxa5 30. Rb7) 26... Bg7 (26... Ra8 $11) 27. Reb1 Rxb3 28. Rxb3 Nd7 {[#]} (28... Qc1+ $11 29. Qf1 Qxf1+ 30. Kxf1 Nd7) 29. Nc6 (29. g3 $1 $16 {[%cal Rg3f4]} Qc1+ 30. Kg2) 29... Ra8 {The position is equal.} 30. Rb1 Ne5 31. Ncxe5 Bxe5 32. Re1 Ra1 33. Rxa1 Bxa1 34. g3 Qc1+ 35. Kg2 Kg7 36. Qe4 Bf6 37. h4 h5 38. Qe2 Qc3 39. Qe4 Qc1 40. Qe2 Qc3 {Precision: White = 51%, Black = 62%.} 1/2-1/2